Salta al contenuto

Философия Учебное пособие

В шпаргалке в краткой и удобной форме приведены ответы на все основные вопросы предусмотренные государственным образовательным стандартом и учебной программой по дисциплине «Философия». Книга позволит быстро получить основные знания по предмету повторить пройденный материал а также качественно подго...

Descrizione completa

Salvato in:
Dettagli Bibliografici
Autore principale: Головин М.Ю
Natura: Учебное пособие
Edizione:2
Accesso online:https://znanium.com/catalog/document?id=202607
https://znanium.com/cover/0372/372960.jpg
Tags: Aggiungi Tag
Nessun Tag, puoi essere il primo ad aggiungerne! !
LEADER 02143nam0a2200325 i 4500
001 RU\infra-m\znanium\bibl\372960
003 https://znanium.com/catalog/document?id=202607
005 20240711000000.0
010 |a 978-5-369-01126-3 
010 |a 978-5-16-112772-8  |b электр. издание 
100 |a 20240711d2012 m y0rusy0150 ca 
101 0 |a rus 
102 |a RU 
200 1 |a Философия  |e Учебное пособие 
205 |a 2 
210 1 |a Москва  |c Издательский Центр РИОР  |d 2012 
215 |a 172 с. 
330 |a В шпаргалке в краткой и удобной форме приведены ответы на все основные вопросы предусмотренные государственным образовательным стандартом и учебной программой по дисциплине «Философия». Книга позволит быстро получить основные знания по предмету повторить пройденный материал а также качественно подготовиться и успешно сдать зачет и экзамен. Рекомендуется всем изучающим и сдающим дисциплину «Философия» в высших и средних учебных заведениях. 
333 |a Профессиональное образование 
606 |a Философия  |x Общая философия  |2 local 
608 |a Учебное пособие  |2 local 
675 |a 347.73(075.8)  |z rus 
686 |a 67.402я73  |2 rubbk 
686 |a 00.02.11  |2 okso 
686 |a 00.03.11  |2 okso 
686 |a 00.05.11  |2 okso 
700 1 |a Головин  |b М.Ю. 
801 0 |a RU  |b Общество с ограниченной ответственностью «ЗНАНИУМ»  |c 20120820  |2 rusmarc 
856 4 |a znanium.com  |m ebs_support@infra-m.ru  |n НИЦ ИНФРА-М  |u https://znanium.com/catalog/document?id=202607 
856 4 1 |a znanium.com  |d /cover/0372  |f 372960.jpg  |q image/jpeg  |u https://znanium.com/cover/0372/372960.jpg